Up or Down - Statistics

General Stats
  • This quiz has been taken 62 times
  • The average score is 8 of 10
Answer Stats
Question Answer % Correct
Underground Down
88%
Fall Down
88%
North on a standard map. Up
88%
Height limit Up
88%
Bedrock Down
75%
Lose altitude Down
75%
Gain altitude Up
75%
Fly Up
75%
Pixar Movie Up
63%
Elytra Up
63%
No matching quizzes found
Score Distribution
Percent of People with Each Score
Percentile by Number Answered
Your Score History
You have not taken this quiz